| 000 | 02908cam a22002657i 4500 | ||
|---|---|---|---|
| 999 |
_c64271 _d64271 |
||
| 005 | 20240530110723.0 | ||
| 008 | 171005s2017 ua h g b 001 0 eng d | ||
| 020 | _a9789774168239 | ||
| 040 |
_aEG-CaGPL _cEG-CaGPL |
||
| 082 | 0 | 4 |
_a930.1092 / _bS M _221 |
| 100 | 1 |
_aSimaika, Samir, _eauthor. |
|
| 245 | 1 | 0 |
_aMarcus Simaika : _bfather of Coptic archaeology / _cSamir Simaika, Nevine Henein ; introduced by Donald M. Reid. |
| 260 |
_a :Cairo _bThe American University in Cairo Press, _c2017 |
||
| 300 |
_axxii, 201 pages : _billustrations ; _c24 cm |
||
| 504 | _aIncludes bibliographical references (pages 179-181) and index. | ||
| 600 | 1 | 0 |
_aSimaykah, Murqus, _d1864-1944. |
| 651 | _2qrmak | ||
| 700 | 1 |
_aHenein, Nevine, _eauthor. |
|
| 700 | 1 |
_aReid, Donald M. _q(Donald Malcolm), _d1940- _econtributor. |
|
| 942 |
_2ddc _cBK |
||
| 505 | 0 | _aThe Simaika family tree -- Chronology -- Acknowledgments -- Preface -- List of illustrations. Introduction / Donald M. Reid. Part 1 The early years : Cairo -- A love of learning -- A prominent family. Part 2 Service to government and nation : The state railways -- Education and legislation : The Superior Council of Education -- The Legislative COuncil and the Legislative Assembly -- Simaika and the British administrator : Lord Cromer (1883-1907) -- Sir Eldon Gorst (1907-11) -- Field Marshal Lord Kitchener (1911-14) -- Sir Henry McMahon (1914-17) -- Sir Reginald Wingate (1917-19) -- Lord Allenby (1919-25) -- Lord Lloyd (1925-29). Part 3 Service to the Coptic church and community : An ancient church : Monks and missionaries -- The Copts after the Arab conquests -- The rise of Coptic notables -- The patriarchs : Cyril IV (1854-61) -- Cyril V (1874-1927) -- Yohannes XIX (1928-42) -- The awakening of the Coptic church -- Al-Majlis al-Milli -- The Coptic and Ethiopian dispute over Deir al-Sultan in Jerusalem -- Travels in Sudan. Part 4 The Coptic Museum and heritage preservation : A crumbling heritage -- The Committee for the Preservation of Arab Art -- A new museum : The Mu'allaqa Church -- The Coptic Museum -- A state institution -- Searching for iniquities, saving libraries -- Recognition. Appendix: some Coptic social customs -- Selected bibliography -- Notes -- Index. | |
| 520 | _aDraws upon Simaika's unpublished memoirs as well as on other documents and photographs from the Simaika family archive to deepen our understanding of several important themes of modern Egyptian history: the development of Coptic archaeology and heritage studies, Egyptian-British interactions during the colonial and semi-colonial eras, shifting balances in the interaction of clergymen and the lay Coptic community, and the ever-sensitive evolution of relations between Copts and their Muslim compatriots-- | ||
| 906 |
_a7 _bcbc _ccopycat _d2 _encip _f20 _gy-gencatlg |
||